Nový Magnezit

Bibliographic Details
Format: Journal
Language:Slovak
PhysicalDescription:zv. 30 cm
Published: Lubeník Slovmag

MARC

LEADER 00000nas a22000005a 4500
001 vtls009151910
003 SK-MaSNL
005 20260221114050.0
008 071022c199u9999xo zr|p 0 b0slo
040 |a SNK  |b slo  |c SNK  |e AACR2 
041 0 |a slo 
245 0 0 |a Nový Magnezit 
260 |a Lubeník  |b Slovmag 
300 |a zv.  |c 30 cm 
310 |a 6x ročne 
500 |a Popis podľa: Roč. II, č. 1(1996) 
910 |a snk 
999 |c 3072  |d 5002 
952 |0 0  |1 0  |4 0  |7 0  |8 0  |a SNK  |b SNK  |d 2007-11-19  |i snk2007/25217  |l 0  |o snkČSB 5565/2/1996  |p 17A0556646  |r 2026-02-21 20:14:51  |t č. 1-6, neúplné  |w 2026-02-21  |y PREZ  |z Chýba č. 4. 
952 |0 0  |1 0  |4 0  |7 0  |8 0  |a SNK  |b SNK  |d 2007-11-19  |i snk2007/25219  |l 0  |o snkČSB 5565/2/1996 D1  |p 17A0556647  |r 2026-02-21 20:21:19  |t č. 1-6, neúplné  |w 2026-02-21  |y PREZ  |z Chýba č. 4. 
952 |0 0  |1 0  |4 0  |7 0  |8 0  |a SNK  |b SNK  |d 2007-11-19  |i snk2007/25220  |l 0  |o snkČSB 5565/3/1997  |p 17A0556648  |r 2026-02-21 20:21:19  |t č. 1  |w 2026-02-21  |y PREZ 
952 |0 0  |1 0  |4 0  |7 0  |8 0  |a SNK  |b SNK  |d 2007-11-19  |i snk2007/25221  |l 0  |o snkČSB 5565/3/1997 D1  |p 17A0556649  |r 2026-02-21 20:21:19  |t č. 1  |w 2026-02-21  |y PREZ